Polovodičové meniče /
Salvato in:
| Autore principale: | |
|---|---|
| Natura: | Libro |
| Lingua: | slovacco |
| Pubblicazione: |
Bratislava :
SVŠT v Bratislave,
1978
|
| Edizione: | 1.vyd. |
| Tags: |
Nessun Tag, puoi essere il primo ad aggiungerne!!
|
MARC
| LEADER | 00000nam a22000003a 4500 | ||
|---|---|---|---|
| 001 | stu6359 | ||
| 005 | 20150617225808.4 | ||
| 008 | 940801s1978----cs------------------slo-d | ||
| 040 | |a STU |b slo | ||
| 041 | 0 | |a slo | |
| 044 | |a cs | ||
| 100 | 1 | |a Végh, Alexander |4 aut | |
| 245 | 1 | |a Polovodičové meniče / |c [aut.] Végh,Alexander | |
| 250 | |a 1.vyd. | ||
| 260 | |a Bratislava : |b SVŠT v Bratislave, |c 1978 | ||
| 300 | |a 241 s | ||
| 996 | |b E41004 |c E*41004 |l EE01 |s A |a 24 |w stu6359_0001 | ||
| 996 | |b E40566 |c E*40566 |l EE04 |s P |a 0 |w stu6359_0002 | ||